[Event "HSG Open 2017"]
[Site "Hilversum"]
[Date "2017.06.23"]
[Round "1.1"]
[White "Koelmans, B1 Jan Willem"]
[Black "Land, Marc"]
[Result "1-0"]
[BlackElo "1786"]
[WhiteElo "1934"]
[LiveChessVersion "1.4.8"]

1. d4 {[%clk 1:50:10]} Nf6 {[%clk 1:50:21]} 2. c4 {[%clk 1:50:13]} g6
{[%clk 1:50:28]} 3. Nc3 {[%clk 1:50:16]} Bg7 {[%clk 1:50:35]} 4. e4
{[%clk 1:50:18]} d6 {[%clk 1:50:42]} 5. f3 {[%clk 1:50:21]} O-O {[%clk 1:50:41]}
6. Be3 {[%clk 1:50:27]} e5 {[%clk 1:50:30]} 7. d5 {[%clk 1:50:23]} c6
{[%clk 1:50:35]} 8. Qd2 {[%clk 1:50:00]} cxd5 {[%clk 1:50:12]} 9. cxd5
{[%clk 1:49:57]} Nfd7 {[%clk 1:49:01]} 10. g4 {[%clk 1:42:54]} b6
{[%clk 1:44:40]} 11. O-O-O {[%clk 1:42:00]} Na6 {[%clk 1:43:42]} 12. h4
{[%clk 1:41:44]} f6 {[%clk 1:40:46]} 13. h5 {[%clk 1:38:40]} f5 {[%clk 1:35:25]}
14. hxg6 {[%clk 1:37:54]} hxg6 {[%clk 1:35:02]} 15. gxf5 {[%clk 1:35:02]} gxf5
{[%clk 1:33:41]} 16. exf5 {[%clk 1:33:30]} Ndc5 {[%clk 1:33:33]} 17. Bh6
{[%clk 1:19:38]} Bxf5 {[%clk 1:30:57]} 18. Bxg7 {[%clk 1:14:43]} Kxg7
{[%clk 1:30:18]} 19. Bxa6 {[%clk 1:11:19]} Nxa6 {[%clk 1:29:47]} 20. Nge2
{[%clk 1:11:16]} Rc8 {[%clk 1:26:52]} 21. Rdg1+ {[%clk 1:09:45]} Kf7
{[%clk 1:25:10]} 22. Ng3 {[%clk 1:07:14]} Bg6 {[%clk 1:20:50]} 23. Nge4
{[%clk 1:04:34]} Bf5 {[%clk 1:18:07]} 24. Qh6 {[%clk 1:01:44]} Bxe4
{[%clk 1:12:46]} 25. Qe6# 1-0

[Event "HSG Open 2017"]
[Site "Hilversum"]
[Date "2017.06.23"]
[Round "1.2"]
[White "Sanchez, B2 Richard"]
[Black "Van Deutekom, Yde"]
[Result "0-1"]
[BlackElo "1930"]
[WhiteElo "1785"]
[LiveChessVersion "1.4.8"]

1. e4 c5 2. Nf3 Nc6 3. d4 cxd4 4. Nxd4 Nf6 5. Nc3 e5 6. Ndb5 d6 7. Bg5 a6 8. Na3
b5 9. Bxf6 gxf6 10. Nd5 Bg7 11. c3 O-O 12. Nc2 Ne7 13. Nce3 Nxd5 14. Nxd5 f5 15.
exf5 Bxf5 16. Ne3 Be6 17. Be2 d5 18. Bg4 f5 19. Bh3 d4 20. Nc2 dxc3 21. bxc3 Qc7
22. O-O Rad8 23. Qh5 Bf7 24. Qg5 f4 25. Rfc1 Rd2 26. Ne1 Qb6 27. Nf3 Rxf2 28. Kh1
h6 29. Qh4 Bd5 30. Nd4 Rd2 31. Nf3 Bxf3 32. gxf3 Qf2 33. Be6+ Kh8 34. Qh3 Rf6 35.
Rd1 e4 36. Rxd2 Qxd2 37. fxe4 Qe3 38. Qxe3 fxe3 39. Bf5 Rc6 40. Rd1 Bf6 41. Rd3
Bg5 42. Bg4 b4 43. cxb4 Rc1+ 44. Rd1 Rc2 45. Re1 Bf4 46. Re2 Rc4 47. Bf3 Rxb4 48.
Kg2 Kg7 49. Kh3 Kf6 50. Kg4 Ke5 51. Rc2 Bg5 52. Rc5+ Kd4 53. Rc2 Kd3 54. Re2
Rxe4+ 55. Bxe4+ Kxe2 56. Bb7 a5 57. Ba6+ Kf2 58. h4 Bd8 59. Kh5 e2 60. Bxe2 Kxe2
61. Kxh6 Bxh4 62. Kg6 Kd2 63. Kf5 Kc2 0-1

[Event "HSG Open 2017"]
[Site "Hilversum"]
[Date "2017.06.23"]
[Round "1.3"]
[White "Woudenberg, C1 Casper"]
[Black "Van Katwijk, Jan"]
[Result "1-0"]
[BlackElo "1392"]
[WhiteElo "1589"]
[LiveChessVersion "1.4.8"]

1. e4 {[%clk 1:50:17]} e5 {[%clk 1:50:11]} 2. Nf3 {[%clk 1:50:22]} Nc6
{[%clk 1:49:57]} 3. Bc4 {[%clk 1:50:25]} Bc5 {[%clk 1:49:05]} 4. O-O
{[%clk 1:49:43]} Nf6 {[%clk 1:48:31]} 5. d3 {[%clk 1:49:42]} O-O {[%clk 1:47:52]}
6. c3 {[%clk 1:49:25]} a6 {[%clk 1:47:07]} 7. Bb3 {[%clk 1:46:15]} Ba7
{[%clk 1:46:11]} 8. Be3 {[%clk 1:42:11]} h6 {[%clk 1:43:55]} 9. Bxa7
{[%clk 1:41:40]} Rxa7 {[%clk 1:43:13]} 10. Re1 {[%clk 1:41:32]} d6
{[%clk 1:43:00]} 11. d4 {[%clk 1:40:07]} Bg4 {[%clk 1:39:17]} 12. d5
{[%clk 1:35:28]} Ne7 {[%clk 1:35:49]} 13. Nbd2 {[%clk 1:28:43]} b5
{[%clk 1:24:17]} 14. a4 {[%clk 1:21:26]} Ra8 {[%clk 1:12:25]} 15. axb5
{[%clk 1:19:45]} axb5 {[%clk 1:12:22]} 16. Rxa8 {[%clk 1:18:43]} Qxa8
{[%clk 1:12:22]} 17. Qe2 {[%clk 1:12:14]} Bd7 {[%clk 1:10:47]} 18. Bc2
{[%clk 1:02:52]} Rb8 {[%clk 1:01:35]} 19. Nb3 {[%clk 0:56:27]} Qb7
{[%clk 0:55:42]} 20. Ra1 {[%clk 0:54:44]} Qc8 {[%clk 0:53:55]} 21. Nfd2
{[%clk 0:53:33]} Ng6 {[%clk 0:52:02]} 22. g3 {[%clk 0:50:14]} Nh7
{[%clk 0:43:24]} 23. Bd3 {[%clk 0:45:01]} c5 {[%clk 0:38:45]} 24. dxc6
{[%clk 0:42:22]} Bxc6 {[%clk 0:38:13]} 25. Na5 {[%clk 0:28:46]} Bd7
{[%clk 0:32:07]} 26. c4 {[%clk 0:22:59]} bxc4 {[%clk 0:26:44]} 27. Naxc4
{[%clk 0:21:19]} Qf8 {[%clk 0:26:15]} 28. Ra6 {[%clk 0:18:36]} Bb5
{[%clk 0:14:49]} 29. Ra7 {[%clk 0:16:50]} Bxc4 {[%clk 0:11:16]} 30. Bxc4
{[%clk 0:16:06]} Ng5 {[%clk 0:11:16]} 31. h4 {[%clk 0:15:20]} Ne6
{[%clk 0:10:52]} 32. Qg4 {[%clk 0:12:39]} Re8 {[%clk 0:08:52]} 33. Bxe6
{[%clk 0:11:08]} Rxe6 {[%clk 0:08:19]} 34. Qe2 {[%clk 0:11:05]} Rf6
{[%clk 0:07:22]} 35. Qa6 {[%clk 0:09:34]} Kh7 {[%clk 0:07:08]} 36. Ra8
{[%clk 0:09:08]} Qe7 {[%clk 0:07:02]} 37. h5 {[%clk 0:07:09]} Nf8
{[%clk 0:05:12]} 38. Qc8 {[%clk 0:06:55]} Kg8 {[%clk 0:05:04]} 39. Nc4
{[%clk 0:06:27]} Re6 {[%clk 0:04:30]} 40. Nb6 {[%clk 0:06:01]} Kh7
{[%clk 0:03:04]} 41. Qxf8 {[%clk 0:06:07]} Qxf8 {[%clk 0:03:14]} 42. Rxf8
{[%clk 0:06:12]} Re7 {[%clk 0:03:11]} 43. Nd5 {[%clk 0:05:55]} Ra7
{[%clk 0:03:08]} 44. b4 {[%clk 0:05:48]} Ra1+ {[%clk 0:03:08]} 45. Kg2
{[%clk 0:05:48]} Re1 {[%clk 0:03:12]} 46. f3 {[%clk 0:05:36]} Re2+
{[%clk 0:03:21]} 47. Kf1 {[%clk 0:05:43]} Rb2 {[%clk 0:03:26]} 48. Rxf7
{[%clk 0:05:48]} Kg8 {[%clk 0:03:35]} 49. Rd7 {[%clk 0:05:48]} Rb1+
{[%clk 0:03:40]} 50. Kg2 {[%clk 0:05:50]} Rb2+ {[%clk 0:03:48]} 51. Kh3
{[%clk 0:05:53]} Rf2 {[%clk 0:03:54]} 52. Rxd6 Rxf3 53. b5 {[%clk 0:05:49]} Rb3
{[%clk 0:04:05]} 54. b6 {[%clk 0:05:57]} Kf7 {[%clk 0:04:09]} 55. Rd7+
{[%clk 0:05:50]} Ke6 {[%clk 0:04:18]} 56. Rxg7 {[%clk 0:05:57]} Re3 1-0

[Event "HSG Open 2017"]
[Site "Hilversum"]
[Date "2017.06.23"]
[Round "1.4"]
[White "Catalan, C2 Ciro"]
[Black "Kusse, Marcel"]
[Result "1/2-1/2"]
[BlackElo "1586"]
[WhiteElo "1381"]
[LiveChessVersion "1.4.8"]

1. d4 d5 2. c4 e5 3. dxe5 d4 4. Nf3 Nc6 5. a3 f6 6. exf6 Qxf6 7. Bg5 Qg6 8. h3 h6
9. Bf4 Qf7 10. e3 dxe3 11. Bxe3 Be6 12. Qa4 Bd7 13. Qc2 O-O-O 14. Bd3 Nge7 15.
Nc3 Nf5 16. O-O Nxe3 17. fxe3 Bc5 18. Rae1 Rhf8 19. b4 Bd6 20. b5 Ne7 21. Qa4 Kb8
22. Ne4 Qh5 23. Nxd6 cxd6 24. Qb4 Bxh3 25. Nd4 Bxg2 26. Kxg2 Qg4+ 27. Kh2 Qh4+
1/2-1/2

[Event "HSG Open 2017"]
[Site "Hilversum"]
[Date "2017.06.23"]
[Round "2.1"]
[White "Wijono, B1 Santoso"]
[Black "Koelmans, Jan Willem"]
[Result "0-1"]
[BlackElo "1934"]
[WhiteElo "1804"]
[LiveChessVersion "1.4.8"]

1. e4 {[%clk 1:50:10]} c5 {[%clk 1:48:43]} 2. Nf3 {[%clk 1:50:10]} e6
{[%clk 1:48:45]} 3. c4 {[%clk 1:49:33]} Nc6 {[%clk 1:48:24]} 4. Nc3
{[%clk 1:49:09]} d6 {[%clk 1:48:11]} 5. b3 {[%clk 1:48:23]} Nf6 {[%clk 1:47:59]}
6. Bd3 {[%clk 1:45:18]} Be7 {[%clk 1:46:52]} 7. O-O {[%clk 1:44:06]} O-O
{[%clk 1:46:40]} 8. Re1 {[%clk 1:41:22]} a6 {[%clk 1:45:54]} 9. Bb2
{[%clk 1:39:59]} Rb8 {[%clk 1:41:56]} 10. Rc1 {[%clk 1:34:36]} Bd7
{[%clk 1:36:55]} 11. Bf1 {[%clk 1:30:42]} Nd4 {[%clk 1:31:09]} 12. d3
{[%clk 1:21:57]} Qa5 {[%clk 1:22:40]} 13. Ra1 {[%clk 1:19:33]} b5
{[%clk 1:17:49]} 14. h3 {[%clk 1:09:35]} Rfc8 {[%clk 1:12:54]} 15. Re3
{[%clk 1:05:59]} Bc6 {[%clk 1:11:48]} 16. Nd2 {[%clk 1:00:32]} Qb6
{[%clk 1:07:58]} 17. Rc1 {[%clk 0:52:28]} Re8 {[%clk 0:52:58]} 18. g4
{[%clk 0:42:17]} Nd7 {[%clk 0:40:29]} 19. Bg2 {[%clk 0:36:37]} Bg5
{[%clk 0:38:45]} 20. Re1 {[%clk 0:35:33]} Ne5 {[%clk 0:38:04]} 21. Nf3
{[%clk 0:29:50]} Ndxf3+ {[%clk 0:35:48]} 22. Bxf3 {[%clk 0:29:55]} Bxc1
{[%clk 0:33:30]} 23. Bxc1 {[%clk 0:30:03]} b4 {[%clk 0:32:07]} 24. Nb1
{[%clk 0:26:09]} Nxf3+ {[%clk 0:30:33]} 25. Qxf3 {[%clk 0:26:15]} a5
{[%clk 0:27:20]} 26. Bf4 {[%clk 0:25:55]} e5 {[%clk 0:27:08]} 27. Be3
{[%clk 0:25:30]} a4 {[%clk 0:26:34]} 28. Nd2 {[%clk 0:24:02]} axb3
{[%clk 0:25:49]} 29. axb3 {[%clk 0:24:11]} Ra8 {[%clk 0:25:53]} 30. Qg3
{[%clk 0:23:58]} Ra3 {[%clk 0:21:57]} 31. f4 {[%clk 0:23:23]} Qa5
{[%clk 0:20:17]} 32. Re2 {[%clk 0:22:54]} Ra2 {[%clk 0:18:16]} 33. Kf2
{[%clk 0:21:43]} f6 {[%clk 0:17:37]} 34. f5 {[%clk 0:20:30]} Qc7 {[%clk 0:13:28]}
35. Kg2 {[%clk 0:17:14]} Qf7 {[%clk 0:09:05]} 36. Qh4 {[%clk 0:14:24]} g5
{[%clk 0:08:01]} 37. Qg3 {[%clk 0:12:21]} Rea8 {[%clk 0:07:20]} 38. Kf3
{[%clk 0:12:29]} Ra1 {[%clk 0:06:54]} 39. Qg2 {[%clk 0:11:34]} R8a2
{[%clk 0:06:17]} 40. Kf2 {[%clk 0:08:43]} Rc1 {[%clk 0:05:49]} 41. Nf1
{[%clk 0:06:37]} Rxe2+ {[%clk 0:05:40]} 42. Kxe2 {[%clk 0:06:45]} Rc2+
{[%clk 0:05:01]} 43. Nd2 {[%clk 0:06:47]} Qa7 {[%clk 0:04:51]} 44. Qf1
{[%clk 0:05:50]} Qa2 {[%clk 0:04:48]} 45. Qe1 {[%clk 0:04:14]} Qxb3
{[%clk 0:04:43]} 0-1

[Event "HSG Open 2017"]
[Site "Hilversum"]
[Date "2017.06.23"]
[Round "2.2"]
[White "Van Deutekom, B2 Yde"]
[Black "Koes, Richard"]
[Result "1-0"]
[BlackElo "1810"]
[WhiteElo "1930"]
[LiveChessVersion "1.4.8"]

1. d4 Nf6 2. c4 e5 3. dxe5 Ng4 4. Bf4 g5 5. Bg3 Bg7 6. Nf3 Nc6 7. Nc3 Ngxe5 8. e3
d6 9. Nd4 O-O 10. Nxc6 bxc6 11. Bxe5 Bxe5 12. Bd3 f5 13. O-O g4 14. f4 gxf3 15.
Rxf3 f4 16. exf4 Bxf4 17. Qf1 Qh4 18. g3 Be3+ 19. Kh1 Rxf3 20. Qxf3 Qd4 21. Qxc6
Qxd3 22. Qxa8 Qf5 23. Qd5+ Kg7 24. Qxf5 Bxf5 25. Re1 Bd4 26. Kg2 Be5 27. Nd5 c5
28. b3 Bc2 29. Kf3 Kf7 30. Ne3 Bg6 31. h4 Ke6 32. Ng2 Bh5+ 33. g4 Be8 34. Nf4+
Kf7 35. Ke4 Bc6+ 36. Nd5 Ke6 37. Rf1 a5 38. Rf5 h6 39. Rh5 Bg7 40. g5 hxg5 41.
Rxg5 Kf7 42. h5 Be5 43. h6 Bh8 44. Rg1 Be5 45. h7 Bh8 46. Rg8 1-0

[Event "HSG Open 2017"]
[Site "Hilversum"]
[Date "2017.06.23"]
[Round "2.3"]
[White "Schulze, C1 Lukas"]
[Black "Woudenberg, Casper"]
[Result "1-0"]
[BlackElo "1589"]
[WhiteElo "1408"]
[LiveChessVersion "1.4.8"]

1. Nf3 {[%clk 1:50:15]} Nf6 {[%clk 1:50:10]} 2. c4 {[%clk 1:50:23]} e6
{[%clk 1:50:05]} 3. g3 {[%clk 1:50:23]} b6 {[%clk 1:49:55]} 4. Bg2
{[%clk 1:50:14]} Bb7 {[%clk 1:49:48]} 5. O-O {[%clk 1:50:18]} d5 {[%clk 1:47:13]}
6. d4 {[%clk 1:49:11]} Nbd7 {[%clk 1:42:23]} 7. Qc2 {[%clk 1:45:38]} c5
{[%clk 1:38:52]} 8. Rd1 {[%clk 1:43:40]} Bd6 {[%clk 1:36:16]} 9. Nc3
{[%clk 1:40:33]} O-O {[%clk 1:28:34]} 10. cxd5 {[%clk 1:22:45]} Nxd5
{[%clk 1:20:47]} 11. Ng5 {[%clk 1:20:31]} N7f6 {[%clk 1:17:14]} 12. e4
{[%clk 1:10:04]} Nb4 {[%clk 1:07:54]} 13. Qb1 {[%clk 1:08:39]} 1-0

[Event "HSG Open 2017"]
[Site "Hilversum"]
[Date "2017.06.23"]
[Round "2.4"]
[White "De Vries, C2 Bart"]
[Black "Van der Hoeven, Carsten"]
[Result "0-1"]
[BlackElo "1545"]
[WhiteElo "1362"]
[LiveChessVersion "1.4.8"]

1. c4 d6 2. d4 Nf6 3. Nc3 g6 4. g3 Bg7 5. Bg2 Nbd7 6. Nf3 c5 7. d5 Nb6 8. Rb1 O-O
9. Nd2 e6 10. O-O exd5 11. cxd5 Bd7 12. e4 Qc8 13. Re1 Bh3 14. Bh1 a6 15. b3 Nbd7
16. a4 Ne5 17. Nc4 Nxc4 18. bxc4 0-1

[Event "HSG Open 2017"]
[Site "Hilversum"]
[Date "2017.06.24"]
[Round "3.1"]
[White "Koelmans, B1 Jan Willem"]
[Black "Froberg, Gert-Jan"]
[Result "1/2-1/2"]
[BlackElo "1864"]
[WhiteElo "1934"]
[LiveChessVersion "1.4.8"]

1. d4 {[%clk 1:49:51]} f5 {[%clk 1:50:16]} 2. c4 {[%clk 1:48:44]} Nf6
{[%clk 1:50:21]} 3. Nc3 {[%clk 1:48:35]} g6 {[%clk 1:50:24]} 4. h4
{[%clk 1:47:28]} Bg7 {[%clk 1:50:14]} 5. h5 {[%clk 1:46:26]} d5 {[%clk 1:47:46]}
6. h6 {[%clk 1:40:48]} Bf8 {[%clk 1:47:18]} 7. Bf4 {[%clk 1:32:55]} c6
{[%clk 1:46:22]} 8. e3 {[%clk 1:29:28]} e6 {[%clk 1:41:47]} 9. Nf3
{[%clk 1:23:55]} Bd6 {[%clk 1:39:30]} 10. Bg5 {[%clk 1:23:34]} O-O
{[%clk 1:39:00]} 11. cxd5 {[%clk 1:16:01]} cxd5 {[%clk 1:38:30]} 12. Bd3
{[%clk 1:11:50]} Nc6 {[%clk 1:37:34]} 13. O-O {[%clk 1:09:27]} a6
{[%clk 1:37:14]} 14. Rc1 {[%clk 1:06:56]} Qe8 {[%clk 1:34:34]} 15. Na4
{[%clk 1:04:50]} b5 {[%clk 1:29:33]} 16. Nc5 {[%clk 1:03:01]} Ne4
{[%clk 1:25:02]} 17. Bxe4 {[%clk 0:59:56]} fxe4 {[%clk 1:22:34]} 18. Ne1
{[%clk 0:57:10]} Rf5 {[%clk 1:15:34]} 19. f4 {[%clk 0:57:08]} Be7
{[%clk 1:15:24]} 20. Bxe7 {[%clk 0:53:28]} Nxe7 {[%clk 1:15:28]} 21. g4
{[%clk 0:53:21]} Rf7 {[%clk 1:15:03]} 22. Ng2 {[%clk 0:48:23]} Qf8
{[%clk 1:14:56]} 23. g5 {[%clk 0:48:09]} Nf5 {[%clk 1:14:56]} 24. Rf2
{[%clk 0:46:57]} Qd6 {[%clk 1:13:46]} 25. Qe1 {[%clk 0:43:09]} 1/2-1/2

[Event "HSG Open 2017"]
[Site "Hilversum"]
[Date "2017.06.24"]
[Round "3.2"]
[White "De Heer, B2 Henk"]
[Black "Van Deutekom, Yde"]
[Result "1/2-1/2"]
[BlackElo "1930"]
[WhiteElo "1874"]
[LiveChessVersion "1.4.8"]

1. e4 c5 2. Nf3 Nc6 3. d4 cxd4 4. Nxd4 Nf6 5. Nc3 e5 6. Ndb5 d6 7. Bg5 a6 8. Na3
b5 9. Nd5 Be7 10. Bxf6 Bxf6 11. c3 O-O 12. Nc2 Rb8 13. Nce3 Bg5 14. Bd3 Bxe3 15.
Nxe3 Ne7 16. O-O Be6 17. Qh5 g6 18. Qg5 f6 19. Qg3 Kh8 20. Ng4 Qd7 21. f3 f5 22.
exf5 gxf5 23. Nxe5 dxe5 24. Qxe5+ Kg8 25. Rfe1 Kf7 26. Rad1 Ng6 27. Qe3 Qc6 28.
Qg5 Kg7 29. h4 h6 30. Qg3 Kh7 31. h5 Nh8 32. Bc2 Rb7 33. Rd6 Qc5+ 34. Kh1 Rg7 35.
Qf4 Qf2 36. Rg1 Qxc2 37. Rxe6 Nf7 38. Rf6 Rg5 39. g4 Qa4 40. Qxa4 bxa4 41. Rxa6
Ne5 42. f4 Rxg4 43. fxe5 Rh4+ 44. Kg2 Rg8+ 45. Rg6 Rxg6+ 46. hxg6+ Kxg6 47. Kf3+
Kf7 48. Rd1 a3 49. bxa3 Re4 50. Rd7+ Ke6 51. Rd6+ Kxe5 52. Rxh6 Ra4 53. Rh2 Rxa3
54. Rc2 Kd5 55. Kf4 Kc4 1/2-1/2

[Event "HSG Open 2017"]
[Site "Hilversum"]
[Date "2017.06.24"]
[Round "3.3"]
[White "Van der Hoeven, C1 Carsten"]
[Black "Schulze, Lukas"]
[Result "0-1"]
[BlackElo "1408"]
[WhiteElo "1545"]
[LiveChessVersion "1.4.8"]

1. e4 {[%clk 1:35:44]} c6 {[%clk 1:50:17]} 2. Nf3 {[%clk 1:35:21]} d5
{[%clk 1:50:16]} 3. Nc3 {[%clk 1:34:38]} Bg4 {[%clk 1:49:30]} 4. d4
{[%clk 1:33:13]} e6 {[%clk 1:49:14]} 5. h3 {[%clk 1:30:56]} Bh5 {[%clk 1:49:11]}
6. Bd3 {[%clk 1:24:29]} Nf6 {[%clk 1:46:05]} 7. e5 {[%clk 1:16:02]} Nfd7
{[%clk 1:44:08]} 8. Bg5 {[%clk 0:55:35]} Bxf3 {[%clk 1:32:01]} 9. Qd2
{[%clk 0:53:28]} Qb6 {[%clk 1:27:28]} 10. gxf3 {[%clk 0:51:39]} Qxd4
{[%clk 1:26:21]} 11. O-O-O {[%clk 0:46:37]} Nxe5 {[%clk 1:21:26]} 12. Qe2
{[%clk 0:45:32]} Nxd3+ {[%clk 1:05:28]} 13. Rxd3 {[%clk 0:45:25]} Qc4
{[%clk 1:02:58]} 14. Rhd1 {[%clk 0:42:51]} Nd7 {[%clk 0:59:33]} 15. b3
{[%clk 0:25:03]} Qa6 {[%clk 0:53:27]} 16. Qe1 {[%clk 0:23:48]} Bb4
{[%clk 0:52:19]} 17. Nxd5 {[%clk 0:23:16]} Qa3+ {[%clk 0:52:00]} 18. Kb1
{[%clk 0:22:29]} cxd5 {[%clk 0:46:59]} 19. Qg1 {[%clk 0:20:15]} Rc8
{[%clk 0:44:23]} 20. Bc1 {[%clk 0:19:03]} Qa5 {[%clk 0:37:13]} 21. Qxg7 Bc3
{[%clk 0:35:10]} 22. Qg5 {[%clk 0:14:49]} Bf6 {[%clk 0:29:17]} 23. Qh5
{[%clk 0:06:33]} Rxc2 {[%clk 0:28:18]} 24. a4 {[%clk 0:05:09]} Rxf2
{[%clk 0:16:53]} 25. Bd2 {[%clk 0:02:57]} Qa6 {[%clk 0:15:44]} 26. Rxd5
{[%clk 0:01:29]} exd5 {[%clk 0:12:59]} 27. Qxd5 {[%clk 0:01:38]} Rf1
{[%clk 0:11:18]} 28. Qe4+ {[%clk 0:01:00]} Be5 {[%clk 0:10:23]} 29. Rxf1
{[%clk 0:00:41]} Qxf1+ {[%clk 0:10:32]} 30. Kc2 {[%clk 0:00:50]} Qg2
{[%clk 0:07:24]} 31. Qxb7 {[%clk 0:00:34]} Qg6+ {[%clk 0:06:53]} 32. Kc1
{[%clk 0:00:22]} Qg1+ {[%clk 0:06:28]} 33. Kc2 {[%clk 0:00:31]} Qc5+
{[%clk 0:06:01]} 34. Kd1 {[%clk 0:00:25]} Rg8 {[%clk 0:04:38]} 35. Qa8+
{[%clk 0:00:34]} Bb8 {[%clk 0:04:24]} 36. Qe4+ {[%clk 0:00:41]} Be5
{[%clk 0:04:20]} 37. Qa8+ {[%clk 0:00:50]} Nb8 {[%clk 0:04:27]} 38. Qe4
{[%clk 0:00:58]} Rg1+ {[%clk 0:04:19]} 39. Ke2 {[%clk 0:01:07]} Rg2+
{[%clk 0:04:19]} 40. Kd1 {[%clk 0:01:16]} Rxd2+ {[%clk 0:03:50]} 41. Kxd2
{[%clk 0:01:15]} Qd4+ 42. Qxd4 {[%clk 0:01:17]} Bxd4 {[%clk 0:04:09]} 0-1

[Event "HSG Open 2017"]
[Site "Hilversum"]
[Date "2017.06.24"]
[Round "3.4"]
[White "Kuipers, C2 Nico"]
[Black "Van der Schaaf, Tristan"]
[Result "0-1"]
[BlackElo "1499"]
[WhiteElo "1361"]
[LiveChessVersion "1.4.8"]

1. e4 c5 2. d4 cxd4 3. c3 dxc3 4. Nxc3 d6 5. Bc4 Nc6 6. Nf3 e6 7. Bf4 Be7 8. O-O
e5 9. Be3 Nf6 10. Qe2 a6 11. Rfd1 Qc7 12. Rac1 O-O 13. Na4 b5 14. Bd5 Bb7 15. Bb6
Qd7 16. Bxc6 Bxc6 17. Nxe5 Qb7 18. Nxc6 bxa4 19. Nxe7+ Qxe7 20. f3 Rfe8 21. Rc7
Qe6 22. Qc4 d5 23. Qc6 dxe4 24. Rd6 Qxa2 25. fxe4 Qb1+ 26. Kf2 Qxb2+ 27. Kf3 Nxe4
28. Rdd7 Nd2+ 29. Kg3 Qe5+ 30. Kh3 0-1

[Event "HSG Open 2017"]
[Site "Hilversum"]
[Date "2017.06.24"]
[Round "4.1"]
[White "Golbach, B1 Floris"]
[Black "Mienis, Dennis"]
[Result "1/2-1/2"]
[BlackElo "1887"]
[WhiteElo "1916"]
[LiveChessVersion "1.4.8"]

1. c4 {[%clk 1:50:16]} Nf6 {[%clk 1:48:41]} 2. g3 {[%clk 1:50:19]} e6
{[%clk 1:48:36]} 3. Bg2 {[%clk 1:49:47]} d5 {[%clk 1:48:24]} 4. cxd5
{[%clk 1:45:55]} exd5 {[%clk 1:46:25]} 5. d4 {[%clk 1:45:10]} Bb4+
{[%clk 1:44:14]} 6. Bd2 {[%clk 1:41:38]} Be7 {[%clk 1:43:55]} 7. Nf3
{[%clk 1:40:00]} O-O {[%clk 1:43:49]} 8. O-O {[%clk 1:40:03]} c6 {[%clk 1:43:30]}
9. Nc3 {[%clk 1:38:51]} Bf5 {[%clk 1:42:31]} 10. Qb3 {[%clk 1:31:37]} Qb6
{[%clk 1:41:02]} 11. Qxb6 {[%clk 1:23:12]} axb6 {[%clk 1:41:05]} 12. a3
{[%clk 1:23:11]} Ne4 {[%clk 1:30:21]} 13. Nxe4 {[%clk 1:17:54]} Bxe4
{[%clk 1:29:35]} 14. Rfc1 {[%clk 1:16:12]} Re8 {[%clk 1:28:01]} 15. Ne1
{[%clk 0:50:15]} Bxg2 {[%clk 1:27:32]} 16. Kxg2 {[%clk 0:50:10]} Bd6
{[%clk 1:27:06]} 17. e3 {[%clk 0:48:03]} Nd7 {[%clk 1:27:07]} 18. Nd3
{[%clk 0:48:02]} Nf6 {[%clk 1:16:41]} 19. Bb4 {[%clk 0:46:46]} Ne4
{[%clk 1:09:20]} 20. Bxd6 {[%clk 0:44:37]} Nxd6 {[%clk 1:09:07]} 21. b3
{[%clk 0:39:13]} f6 {[%clk 1:08:26]} 22. Rc2 {[%clk 0:37:02]} Kf7
{[%clk 1:03:07]} 23. a4 {[%clk 0:32:59]} Ra7 {[%clk 0:54:55]} 24. Rca2
{[%clk 0:27:03]} Rea8 {[%clk 0:51:52]} 25. Kf1 {[%clk 0:24:13]} Ke7
{[%clk 0:51:15]} 26. f3 {[%clk 0:22:57]} b5 {[%clk 0:49:49]} 27. a5
{[%clk 0:22:13]} b6 {[%clk 0:49:21]} 28. Nb4 {[%clk 0:22:08]} Kd7
{[%clk 0:48:52]} 29. axb6 {[%clk 0:20:12]} Rxa2 {[%clk 0:48:06]} 30. Rxa2
{[%clk 0:20:22]} Rxa2 {[%clk 0:47:57]} 31. Nxa2 {[%clk 0:20:30]} Kc8
{[%clk 0:47:23]} 32. Ke2 {[%clk 0:20:12]} Kb7 {[%clk 0:47:14]} 1/2-1/2

[Event "HSG Open 2017"]
[Site "Hilversum"]
[Date "2017.06.24"]
[Round "4.2"]
[White "Mulders, B2 Rinze"]
[Black "Koelmans, Jan Willem"]
[Result "1-0"]
[BlackElo "1934"]
[WhiteElo "1882"]
[LiveChessVersion "1.4.8"]

1. e4 c5 2. Be2 Nc6 3. f4 d6 4. Nf3 g6 5. O-O Bg7 6. c3 Nf6 7. d3 O-O 8. Qe1 Rb8
9. Qh4 b5 10. f5 b4 11. Bh6 bxc3 12. Nxc3 Rxb2 13. Ng5 Ne5 14. Nd5 Rxe2 15. Bxg7
h5 16. Bxf8 Qxf8 17. Nxf6+ exf6 18. Nh3 Ba6 19. fxg6 Nxg6 20. Qxh5 Bxd3 21. Rad1
c4 22. Rxf6 Qg7 23. Rf2 Rxe4 24. Qd5 Rg4 25. Qxd6 Nh4 26. g3 Nf5 27. Qb8+ Kh7 28.
Rxd3 cxd3 29. Rxf5 Qd4+ 30. Nf2 Kg6 31. Qe5 d2 32. Rg5+ Kh6 33. Rh5+ Kg6 34. Qf5+
Kg7 35. Rh7+ 1-0

[Event "HSG Open 2017"]
[Site "Hilversum"]
[Date "2017.06.24"]
[Round "4.3"]
[White "Van der Schaaf, C1 Tristan"]
[Black "Schulze, Lukas"]
[Result "1/2-1/2"]
[BlackElo "1408"]
[WhiteElo "1499"]
[LiveChessVersion "1.4.8"]

1. d4 {[%clk 1:50:18]} Nf6 {[%clk 1:50:11]} 2. c4 {[%clk 1:50:26]} c5
{[%clk 1:50:21]} 3. d5 {[%clk 1:50:31]} b5 {[%clk 1:50:28]} 4. cxb5
{[%clk 1:50:39]} a6 {[%clk 1:50:37]} 5. e3 {[%clk 1:50:17]} axb5 {[%clk 1:50:32]}
6. Bxb5 {[%clk 1:50:17]} Qa5+ {[%clk 1:50:38]} 7. Nc3 {[%clk 1:50:15]} Bb7
{[%clk 1:50:07]} 8. Bc4 {[%clk 1:49:58]} Qb4 {[%clk 1:49:34]} 9. Qb3
{[%clk 1:48:50]} d6 {[%clk 1:48:35]} 10. a3 {[%clk 1:46:33]} Qxb3
{[%clk 1:47:45]} 11. Bxb3 {[%clk 1:46:37]} Nbd7 {[%clk 1:47:33]} 12. Nge2
{[%clk 1:43:21]} Nb6 {[%clk 1:45:52]} 13. e4 {[%clk 1:42:37]} Ba6
{[%clk 1:34:14]} 14. f3 {[%clk 1:41:08]} g6 {[%clk 1:29:28]} 15. O-O
{[%clk 1:36:35]} Bg7 {[%clk 1:27:39]} 16. Re1 {[%clk 1:33:08]} O-O
{[%clk 1:26:13]} 17. Bd2 {[%clk 1:30:55]} Rab8 {[%clk 1:25:20]} 18. Nd1
{[%clk 1:30:14]} Nfd7 {[%clk 1:24:32]} 19. Bc3 {[%clk 1:29:52]} Ne5
{[%clk 1:20:12]} 20. Nc1 {[%clk 1:21:33]} c4 {[%clk 1:17:08]} 21. Bc2
{[%clk 1:16:09]} Nd3 {[%clk 1:12:53]} 22. Re3 {[%clk 1:15:30]} Bh6
{[%clk 1:11:45]} 23. Rxd3 {[%clk 1:11:49]} cxd3 {[%clk 1:10:05]} 24. Nxd3
{[%clk 1:10:31]} Rfc8 {[%clk 0:55:20]} 25. Nb4 {[%clk 1:08:43]} Bb5
{[%clk 0:54:41]} 26. a4 {[%clk 1:06:07]} Ra8 {[%clk 0:52:22]} 27. b3
{[%clk 1:05:33]} Be2 {[%clk 0:50:47]} 28. Nc6 {[%clk 1:05:20]} Kf8
{[%clk 0:48:50]} 29. Bd4 {[%clk 1:04:00]} Nd7 {[%clk 0:47:49]} 30. Nc3
{[%clk 1:03:21]} Ba6 {[%clk 0:47:29]} 31. b4 {[%clk 1:02:51]} e5 {[%clk 0:42:03]}
32. Bf2 {[%clk 0:52:52]} Bd2 {[%clk 0:41:11]} 33. Be1 {[%clk 0:51:51]} Be3+
{[%clk 0:35:54]} 34. Bf2 {[%clk 0:50:40]} Bd2 {[%clk 0:34:34]} 35. Be1
{[%clk 0:50:40]} Be3+ {[%clk 0:33:20]} 36. Bf2 {[%clk 0:45:44]} Bd2 1/2-1/2

[Event "HSG Open 2017"]
[Site "Hilversum"]
[Date "2017.06.24"]
[Round "4.4"]
[White "Van der Lubben, C2 Arno"]
[Black "Catalan, Ciro"]
[Result "1/2-1/2"]
[BlackElo "1381"]
[WhiteElo "1324"]
[LiveChessVersion "1.4.8"]

1. d4 d5 2. c4 c6 3. Nf3 dxc4 4. a4 Nf6 5. e3 Bf5 6. Bxc4 Nbd7 7. O-O e6 8. Nc3
Bb4 9. Bd3 Bxd3 10. Qxd3 O-O 11. e4 Bxc3 12. bxc3 Nc5 13. Qc2 Ncxe4 14. Re1 Nd6
15. Ba3 Re8 16. a5 Nb5 17. Bc5 Nd7 18. c4 Nc7 19. Bd6 Nf6 20. Be5 h6 21. Ra3 Qe7
22. Rb3 Na6 23. Reb1 c5 24. Rxb7 Nd7 25. Qa4 Red8 26. Qb5 f6 27. Qxa6 fxe5 28.
Nxe5 Qe8 29. Rxa7 Rxa7 30. Qxa7 Nxe5 31. dxe5 Qa4 32. h3 Qxc4 33. Qb6 Ra8 34. g3
Qa2 35. Rb5 Qa1+ 36. Kg2 Qxe5 37. Rxc5 Qe4+ 38. Kh2 Qe2 39. Rc7 Rxa5 40. Rc1 Rf5
41. Kg1 Rf6 42. Rf1 Qh5 1/2-1/2